Statistics for F1 Drivers with 0 Points

Click here to take the quiz!

General Stats

  • This quiz has been taken 40 times
  • The average score is 14 of 21

Answer Stats

HintAnswer% Correct
Williams ‘19
GBR
George Russell
92%
Haas ‘21
GER
Mick Schumacher
92%
Haas ‘21
RUS
Nikita Mazepin
92%
Williams ‘20
CAN
Nicholas Latifi
89%
Sauber ‘16-‘17
SWE
Marcus Ericsson
81%
Lotus ‘10-'11 & Caterham ‘12
FIN
Heikki Kovalainen
78%
Caterham ‘12
RUS
Vitaly Petrov
73%
Sauber ‘14 & Haas ‘16
MEX
Esteban Gutierrez
70%
HRT ‘12
IND
Narain Karthikeyan
68%
Sauber ‘14
GER
Adrian Sutil
65%
Lotus ‘10
ITA
Jarno Trulli
65%
Hispania ‘10
BRA
Bruno Senna
59%
Marussia ‘12 & Caterham ‘13
FRA
Charles Pic
59%
HRT ‘12
ESP
Pedro de la Rosa
59%
Virgin ‘10-‘11 & Marussia ‘12
GER
Timo Glock
59%
Virgin ‘11
BEL
Jerome d’Ambrosio
54%
Marussia ‘13
FRA
Jules Bianchi
54%
Marussia ‘15
GBR
Will Stevens
54%
Caterham ‘13
NED
Giedo van der Garde
51%
Marussia ‘13
GBR
Max Chilton
51%
Virgin ‘10
BRA
Lucas di Grassi
43%

Score Distribution

Percentile by Number Answered

Percent of People with Each Score

Your Score History

You have not taken this quiz